000 00635cam a22002173a 4500
001 42094
003 PGUSA
005 20140828083942.0
008 130214s2013||||xxu|||||s|||||000 | eng d
040 _aPGUSA
_beng
042 _adc
100 1 _aMailand, Oszkár
245 1 0 _aSzékelyföldi gyüjtés (Népköltési gyüjtemény 7. kötet)
_h[electronic resource] /
_cOszkár Mailand
260 _bProject Gutenberg,
_c2013
506 _aPublic domain in the USA.
516 _aElectronic text
700 1 _aVargha, Gyula
830 0 _aProject Gutenberg
_v42094
856 4 0 _uhttp://www.gutenberg.org/ebooks/42094
942 _cEB
999 _c271346
_d271346